Плавания Баренца (Diarium nauticum) (Запись № 9518932)

Подробности
000 -МАРКЕР
контрольное поле 03303nam0a22005171 4500
001 - ИДЕНТИФИКАТОР ЗАПИСИ
контрольное поле rc\3061274
005 - ИДЕНТИФИКАТОР ВЕРСИИ
контрольное поле 20260406111016.0
035 ## - ДРУГИЕ СИСТЕМНЫЕ НОМЕРА
Идентификатор записи (NLR Aleph) 009035797
100 ## - ДАННЫЕ ОБЩЕЙ ОБРАБОТКИ
Данные общей обработки 20111012d1936 |||y0rusy50 ca
101 1# - ЯЗЫК РЕСУРСА
Язык текста, звукозаписи и т.д. русский
Язык оригинала латинский
102 ## - СТРАНА ПУБЛИКАЦИИ ИЛИ ПРОИЗВОДСТВА
Страна публикации Российская Федерация
105 ## - ПОЛЕ КОДИРОВАННЫХ ДАННЫХ: ТЕКСТОВЫЕ МАТЕРИАЛЫ, МОНОГРАФИЧЕСКИЕ
Кодированные данные о монографическом текстовом документе abc z |||||
135 ## - ПОЛЕ КОДИРОВАННЫХ ДАННЫХ: ЭЛЕКТРОННЫЕ РЕСУРСЫ
Кодированные данные для электронного ресурса cocn 300apabp
-- crcn 024aaada
200 1# - ЗАГЛАВИЕ И СВЕДЕНИЯ ОБ ОТВЕТСТВЕННОСТИ
Основное заглавие Плавания Баренца (Diarium nauticum)
Сведения, относящиеся к заглавию 1594-1597
Первые сведения об ответственности Г. Де-Фер
Последующие сведения об ответственности пер. с лат. проф. А.И. Малеина
-- под ред. проф. В.Ю. Визе
-- [супер-обл., переплет, форзац и граф. оформление: М.А. Таранов]
210 ## - ПУБЛИКАЦИЯ, РАСПРОСТРАНЕНИЕ И ДР.
Место издания, распространения и т.д. Ленинград
Имя издателя, распространителя и т. д. Изд-во Главсевморпути
Дата издания, распространения и т.д. 1936
Место изготовления Ленинград
Имя изготовителя тип. им. Лоханкова
215 ## - ФИЗИЧЕСКАЯ ХАРАКТЕРИСТИКА
Специфическое обозначение материала и объем Супер-обл., переплет, 308 с., [5] вкл. л. ил., портр., карт.
Другие сведения о физической характеристике ил., портр., карт.
Размеры 22х16
225 1# - СЕРИЯ
Основное заглавие серии Полярная библиотека
300 ## - ОБЩИЕ ПРИМЕЧАНИЯ
Текст примечания На супер-обл. и переплете автор не указан
300 ## - ОБЩИЕ ПРИМЕЧАНИЯ
Текст примечания Загл. и авт. ориг.: Diarium nauticum / De Veer. Amstelredami, 1598
300 ## - ОБЩИЕ ПРИМЕЧАНИЯ
Текст примечания На супер-обл. загл.: "Diarium nauticum. Плавания Баренца"
325 ## - ПРИМЕЧАНИЕ О КОПИИ
Текст примечания Копия доступна в Электрон. б-ке РНБ http://vivaldi.nlr.ru/bx000023213/view
454 #1 - ОРИГИНАЛ (ПЕРЕВОДА)
Встроенное поле 2001#$aDiarium nauticum$fDe Veer
-- 210##$aAmstelredami$d1598
-- 700#1$3RU\NLR\AUTH\77124961$8lat$7ba$aVeer$bG. de$f1570-ок.1598$gGerrit de
Заглавие Diarium nauticum
Автор Veer, Gerrit de (1570-ок.1598)
512 00 - ЗАГЛАВИЕ ОБЛОЖКИ
Заглавие обложки Diarium nauticum. Плавания Баренца
600 #1 - ИМЯ ЛИЦА КАК ПРЕДМЕТ
Начальный элемент ввода Баренц
Часть имени, кроме начального элемента ввода В.
Даты 1550 - 1597
Расширение инициалов личного имени Виллем
Тематический подзаголовок Экспедиции
Хронологический подзаголовок 1594 - 1597
Системный номер авторитетной/нормативной записи 1192698
Идентификатор авторитетной/нормативной записи RU\NLR\AUTH\66163782
617 ## - ИЕРАРХИЧЕСКОЕ ГЕОГРАФИЧЕСКОЕ НАЗВАНИЕ, ИСПОЛЬЗУЕМОЕ КАК ПРЕДМЕТ
Другие географические объекты Северный Ледовитый океан
-- Баренцево море
-- Медвежий, остров
617 ## - ИЕРАРХИЧЕСКОЕ ГЕОГРАФИЧЕСКОЕ НАЗВАНИЕ, ИСПОЛЬЗУЕМОЕ КАК ПРЕДМЕТ
Другие географические объекты Северный Ледовитый океан
-- Шпицберген, архипелаг
617 ## - ИЕРАРХИЧЕСКОЕ ГЕОГРАФИЧЕСКОЕ НАЗВАНИЕ, ИСПОЛЬЗУЕМОЕ КАК ПРЕДМЕТ
Другие географические объекты Северный Ледовитый океан
-- Новая Земля, острова
617 ## - ИЕРАРХИЧЕСКОЕ ГЕОГРАФИЧЕСКОЕ НАЗВАНИЕ, ИСПОЛЬЗУЕМОЕ КАК ПРЕДМЕТ
Страна
Другие географические объекты Вайгач, остров
617 ## - ИЕРАРХИЧЕСКОЕ ГЕОГРАФИЧЕСКОЕ НАЗВАНИЕ, ИСПОЛЬЗУЕМОЕ КАК ПРЕДМЕТ
Другие географические объекты Северный Ледовитый океан
-- Белое море
617 ## - ИЕРАРХИЧЕСКОЕ ГЕОГРАФИЧЕСКОЕ НАЗВАНИЕ, ИСПОЛЬЗУЕМОЕ КАК ПРЕДМЕТ
Страна
Другие географические объекты Европейская часть
-- Северо-Запад
-- Кольский полуостров
686 ## - ИНДЕКСЫ ДРУГИХ КЛАССИФИКАЦИЙ
Индекс Д8д(3)Баренц
700 #1 - ИМЯ ЛИЦА - ПЕРВИЧНАЯ ОТВЕТСТВЕННОСТЬ
Материалы, к которым относится поле rus
Графика поля Кириллица
Начальный элемент ввода Вейр
Часть имени, кроме начального элемента ввода Х. де
Даты 1570-ок.1598
Расширение инициалов личного имени Херрит де
Идентификатор авторитетной/нормативной записи RU\NLR\AUTH\77104297
Системный номер авторитетной/нормативной записи 87222
702 #1 - ИМЯ ЛИЦА - ВТОРИЧНАЯ ОТВЕТСТВЕННОСТЬ
Код отношения Переводчик
Материалы, к которым относится поле rus
Графика поля Кириллица
Начальный элемент ввода Малеин
Часть имени, кроме начального элемента ввода А. И.
Даты 1869-1938
Расширение инициалов личного имени Александр Иустинович
Идентификатор авторитетной/нормативной записи RU\NLR\AUTH\7792587
Системный номер авторитетной/нормативной записи 75514
702 #1 - ИМЯ ЛИЦА - ВТОРИЧНАЯ ОТВЕТСТВЕННОСТЬ
Код отношения Редактор
Материалы, к которым относится поле rus
Графика поля Кириллица
Начальный элемент ввода Визе
Часть имени, кроме начального элемента ввода В. Ю.
Даты 1886-1954
Расширение инициалов личного имени Владимир Юльевич
Идентификатор авторитетной/нормативной записи RU\NLR\AUTH\77115637
Системный номер авторитетной/нормативной записи 98562
702 #1 - ИМЯ ЛИЦА - ВТОРИЧНАЯ ОТВЕТСТВЕННОСТЬ
Код отношения Прочие
Материалы, к которым относится поле rus
Графика поля Кириллица
Начальный элемент ввода Таранов
Часть имени, кроме начального элемента ввода М. А.
Даты 1909-1973
Расширение инициалов личного имени Михаил Афанасьевич
Идентификатор авторитетной/нормативной записи RU\NLR\AUTH\77123431
Системный номер авторитетной/нормативной записи 106356
801 #0 - ИСТОЧНИК ЗАПИСИ
Страна Российская Федерация
Организация NLR
Правила каталогизации psbo
801 #1 - ИСТОЧНИК ЗАПИСИ
Страна Российская Федерация
Организация ELAR
Источник данных rusmarc
801 #2 - ИСТОЧНИК ЗАПИСИ
Страна Российская Федерация
Организация NLR
Дата составления 20130726
Источник данных rusmarc
852 ## - МЕСТОНАХОЖДЕНИЕ И ШИФР ХРАНЕНИЯ
Идентификатор организации NLR
Шифр хранения (Call Number) 36-4/852
942 ## - ДОПОЛНИТЕЛЬНЫЕ ЭЛЕМЕНТЫ ЗАПИСИ (АБИС)
Тип экземпляра АБИС Книга
980 ## - КОЛЛЕКЦИЯ
Название коллекции Национальная библиография
981 22 - КОЛЛЕКЦИЯ ЭЛЕКТРОННОЙ БИБЛИОТЕКИ
Название коллекции Материалы по истории России
981 40 - КОЛЛЕКЦИЯ ЭЛЕКТРОННОЙ БИБЛИОТЕКИ
Название коллекции Баренц-регион
Экземпляры
Тип экземпляра Дата поступления Библиотека постоянного хранения Библиотека текущего хранения Место хранения Шифр хранения Штрих-код Статус экземпляра
Книга 26.10.2013 РНБ (Садовая) РНБ (Садовая) Русский книжный фонд -Главное здание, Ленинский читальный зал 36-4/852 9035797-10